000 003990000a22001210004500
090 _aAR
_b04607
100 1 _aRissing, Steven W.
_998723
700 1 _aPollock, Gregory B.
_998724
245 1 0 _aQueen aggression, pleometrotic advantage and brood raiding in the ant Veromessor pergandei (Hymenoptera: Formicidae)
041 0 _aInglés
942 _cARTICULO
773 1 _tAnim. Behav.
_q975-981 p.
_d1987
_g35
999 _c13707
_d13707